| 000 | 00526nam a22001697a 4500 | ||
|---|---|---|---|
| 003 | CEME | ||
| 005 | 20210628203604.0 | ||
| 008 | 210202b xxu||||| |||| 00| 0 eng d | ||
| 040 | _c. | ||
| 082 | _a297.63 SHI | ||
| 100 |
_aShibly Noumani. Allama, Syed Suleman Nadvi _966415 |
||
| 245 | _aSeerat -un - nabi peace be upo him, the comprehensive book on seerat in urdu language | ||
| 250 | _a3VOLS | ||
| 260 |
_aLAHORE _bAL FAISAL _c1991 |
||
| 650 |
_aISLAM-SEERAT-PROPHET MUHAMMAD PEACE BE UPON HIM _966416 |
||
| 942 |
_cBK _2ddc |
||
| 999 |
_c574390 _d574390 |
||